000 00505nam a2200181Ia 4500
008 100921s9999 xx 000 0 und d
082 _b21436
_a823 0
100 _aBlyton Enid.
245 _aFive Go To Smugglers Top.
260 _b---
_c0
300 _a184
_b---
365 _b0
520 _aललित इंग्रजी कथा.
630 _aFive Go To Smugglers Top.
650 _aललित इंग्रजी कथा.
730 _aFive Go To Smugglers Top.
942 _cBOOK
999 _c770549
_d770546